Statistiques concernant Mots de la langue française terminés par "celle"

Cliquez ici pour prendre le quiz!

Statistiques générales

  • Ce quiz a été pris 142 fois
  • Le résultat moyen est 10 sur 17

Statistiques - réponses

IndiceMot% Correct
viergepucelle
89%
maladievaricelle
87%
instrument de musiquevioloncelle
87%
paniernacelle
80%
petit morceauparcelle
75%
siège suspendubalancelle
65%
astuceficelle
61%
prénom fémininMarcelle
61%
cachetéscéllé
61%
pâte alimentairevermicelle
61%
point brillantétincelle
49%
oiseaucrécelle
44%
jeune fillejouvencelle
38%
bourseescarcelle
37%
canardsarcelle
34%
tacheocelle
27%
bassin de fontaine antique en forme de barquenavicelle
1%

Distribution des résultats

Percentile par nombre de réponses

% des personnes avec chaque résultat

Votre développement - résultats

Vous n’avez pas pris ce quiz